|
|
|
|
| LEADER |
00000nam a22000007a 4500 |
| 005 |
20180515212743.0 |
| 007 |
cr|||| |||| |
| 008 |
180515s2018 mx |||||s|||| 00||0 spa d |
| 020 |
|
|
|a 978-607-629-192-4
|
| 035 |
|
|
|a 21682
|
| 040 |
|
|
|a vLex
|
| 090 |
|
|
|c 7957
|d 7957
|
| 100 |
1 |
|
|a Campero Guerrero, Eladio
|
| 245 |
1 |
0 |
|a Beneficios que se contienen en las disposiciones fiscales
|h [Recurso electrn̤ico] :
|b Anl̀isis prc̀tico 2018 /
|c Eladio Campero Guerrero, Jos ̌Přez Chv̀ez, Raymundo Fol Olgun̕
|
| 256 |
|
|
|a Servicio en ln̕ea
|
| 260 |
|
|
|a Ciudad de Mx̌ico:
|b Tax Editores,
|c 2018
|
| 300 |
|
|
|a 1 recurso electrn̤ico
|
| 500 |
|
|
|a Actualmente existe una amplia gama de beneficios dirigidos a los contribuyentes de impuestos cuya finalidad es el cumplimiento de las obligaciones fiscales. Estos estm̕ulos se encuentran dispersos en leyes y decretos en materia tributaria que, ya sea por desconocimiento o por la complejidad que presenta su aplicacin̤, no son considerados por dichos contribuyentes. Por lo anterior, hemos recopilado en un solo ejemplar los principales beneficios fiscales que tanto las personas fs̕icas como las morales pueden aplicar en el transcurso de sus actividades y as,̕ con el conocimiento de los mismos, aminorar su carga tributaria. Adems̀, presentamos el beneficio correspondiente, ilustrado mediante casos prc̀ticos para una mejor comprensin̤. Las principales disposiciones fiscales que se analizan en esta obra son: • Leyes de los Impuestos sobre la Renta y al Valor Agregado. • Ley de Ingresos de la Federacin̤ (vigente). • Cd̤igo Fiscal de la Federacin̤. • Resolucin̤ Miscelǹea Fiscal (vigente). • Resolucin̤ de Facilidades Administrativas (vigente). • Diversos decretos.
|
| 506 |
1 |
|
|a Disponible solo en los productos indicados
|d vLex Global
|d vLex Global (Academic Edition, excluding Law Schools)
|d vLex Global (U.S. Academic Edition, Law Schools)
|d vLex Global (U.S. Academic Edition, excluding Law Schools)
|d vLex Global (Academic Edition, Law Schools)
|
| 650 |
0 |
4 |
|a Derecho Mercantil y de la Empresa
|z Mx̌ico
|
| 650 |
0 |
4 |
|a Derecho Fiscal
|z Mx̌ico
|
| 650 |
0 |
4 |
|a Derecho Laboral y Seguridad Social
|z Mx̌ico
|
| 700 |
1 |
|
|a Přez Chv̀ez, Još
|
| 700 |
1 |
|
|a Fol Olgun̕, Raymundo
|
| 740 |
0 |
|
|a vLex Libros (Servicio en ln̕ea)
|
| 856 |
4 |
0 |
|u http://vlex.com/source/beneficios-que-se-contienen-en-las-disposiciones-fiscales-analisis-practico-2018-21682
|z Acceso restringido
|
| 942 |
|
|
|c BOOK
|
| 999 |
0 |
|
|a Business and Company Law
|
| 999 |
0 |
|
|a Tax Law
|
| 999 |
0 |
|
|a Labor Law and Social Security
|